| 000 | 00391nam a22001577a 4500 | ||
|---|---|---|---|
| 020 | _a978-1-40834-853-6 | ||
| 082 |
_a823 _bMEA/R |
||
| 100 | _aMEADOWS, DAISY | ||
| 245 |
_aSAFFON THE YELLOW FAIRY _bRAINBOW MAGIC |
||
| 246 |
_aSAFFON THE YELLOW FAIRY _bRAINBOW MAGIC |
||
| 260 |
_a2003 _bORCHARD BOOKS _c2003 |
||
| 300 | _a73 | ||
| 520 | _aSHORT STORY | ||
| 650 | _aSHORT STORY | ||
| 942 | _cBK | ||
| 999 |
_c3164 _d3164 |
||